00475nam a2200121Ia 4500008004100000100001800041245009600059260003900155650002600194856004100220999001900261952007300280171212s9999 xx 000 0 und d aCole, Lucinda cCole, LucindaaImperfect CreaturesbVermin, Literature, and the Sciences of Life, 1600-1740 bUniversity of Michigan Pressc2016 aLanguage & Literature uhttp://jstor.org/stable/j.ctt1gk0873 c352996d352996 001040aCLbCLd2017-12-12l0r2017-12-12 00:00:00w2017-12-12yCBE